Mercado financiero, expectativas cambiarias y movimientos de capital (Registro nro. 24554)
[ vista simple ]
| 000 -LEADER | |
|---|---|
| fixed length control field | 00361 a2200109 4500 |
| 001 - CONTROL NUMBER | |
| control field | ART_9320 |
| 005 - DATE AND TIME OF LATEST TRANSACTION | |
| control field | 20260410161846.0 |
| 008 - FIXED-LENGTH DATA ELEMENTS--GENERAL INFORMATION | |
| fixed length control field | 260409a |
| 100 1# - MAIN ENTRY--PERSONAL NAME | |
| Personal name | Frenkel, Roberto |
| 245 10 - TITLE STATEMENT | |
| Title | Mercado financiero, expectativas cambiarias y movimientos de capital |
| 773 0# - HOST ITEM ENTRY | |
| Title | El trimestre económico |
| Related parts | - Vol. L, Nº 200 (oct./dic. 1983) |
| Record control number | REV6933 |
No hay ítems disponibles.